000 06075nam a2200553 a 4500
005 20080424141239.0
008 071126s2009 maua | b 001 0 eng
010 _aENG-91188 B-311731-750
020 _a9780070221154
_c375.00
020 _a0070221154
_c375.00
035 _aEN-74721
035 _a B-311731-750
035 _a B-357628
037 _bDBAD / PUB
037 _bUBH
040 _adpl
_bEnglish
082 _a000
100 _aSharma, Arun
245 _aStudy package for MAT (Management Aptitude Test) /
_cby Arun Sharma
260 _aNew Delhi
_bTata McGraw-Hill Publishing
_c2008(repr.).
270 _a7, West Patel Nagar,
_bNew Delhi
_e110008
300 _aVarious pagings :
_bill.
_c26 cm. (pbk)
490 _aTata McGraw-Hill winning edge series
942 _2ddc
_cEN
_h000
_mSHA
999 _c16317
_d16317